| 000 | 00565cam a2200205 4500 | ||
|---|---|---|---|
| 001 | D16233 | ||
| 008 | 090401t1968 xxu||||| |||| 00| 0 eng d | ||
| 035 | _a(Sirsi) u95316 | ||
| 041 | _aeng | ||
| 110 |
_aRoyal Institution of Chartered Surveyors _94900 |
||
| 245 | _aStandard method of measurement of building works | ||
| 250 | _a5th metric | ||
| 260 |
_bRICS _c1968 |
||
| 300 | _a109p | ||
| 350 | _a1.25 | ||
| 520 | _aFiled in SMM Box 1968/44 ABCDE | ||
| 710 |
_aNational Federation of Building Trades Employers _91526 |
||
| 942 | _n0 | ||
| 948 | _c04/03/1997 | ||
| 999 |
_c98408 _d98408 |
||